Innovative design and construction for foundations and substructures subject to freezing and frost : (Record no. 549993)

000 -LEADER
fixed length control field 01100cam a2200205 a 4500
020 ## - INTERNATIONAL STANDARD BOOK NUMBER
International Standard Book Number 0784402914 (pbk.)
082 00 - DEWEY DECIMAL CLASSIFICATION NUMBER
Classification number 624.15
Author Mark INN
-- L-39, P-188
245 00 - TITLE STATEMENT
Title Innovative design and construction for foundations and substructures subject to freezing and frost :
Remainder of title proceedings of a session sponsored by the Geo-Institute of the American Society of Civil Engineers in conjunction with the ASCE National Convention, Minneapolis, Minnesota, October 5-8, 1997 /
Statement of responsibility, etc. edited by Chia K. Tan.
260 ## - PUBLICATION, DISTRIBUTION, ETC.
Place of publication, distribution, etc. Reston, VA :
Name of publisher, distributor, etc. American Society of Civil Engineers,
Date of publication, distribution, etc. c1997.
300 ## - PHYSICAL DESCRIPTION
Extent ix, 65 p. :
Other physical details ill., maps ;
Dimensions 22 cm.
526 ## - STUDY PROGRAM INFORMATION NOTE
Program name 0
Interest level 0
Reading level 0
Title point value 624_150000000000000_INN
650 #0 - SUBJECT ADDED ENTRY--TOPICAL TERM
Topical term or geographic name entry element Basements
General subdivision Cold weather conditions
-- Congresses.
9 (RLIN) 46750
650 #0 - SUBJECT ADDED ENTRY--TOPICAL TERM
Topical term or geographic name entry element Basements
Geographic subdivision Cold regions
General subdivision Design and construction
-- Congresses.
9 (RLIN) 46751
650 #0 - SUBJECT ADDED ENTRY--TOPICAL TERM
Topical term or geographic name entry element Foundations
General subdivision Cold weather conditions
-- Congresses.
9 (RLIN) 46752
650 #0 - SUBJECT ADDED ENTRY--TOPICAL TERM
Topical term or geographic name entry element Foundations
Geographic subdivision Cold regions
General subdivision Design and construction
-- Congresses.
9 (RLIN) 46753
650 #0 - SUBJECT ADDED ENTRY--TOPICAL TERM
Topical term or geographic name entry element MCE
9 (RLIN) 379
700 1# - ADDED ENTRY--PERSONAL NAME
Personal name Tan, Chia K.
9 (RLIN) 46754
710 2# - ADDED ENTRY--CORPORATE NAME
Corporate name or jurisdiction name as entry element American Society of Civil Engineers.
9 (RLIN) 702
942 ## - ADDED ENTRY ELEMENTS (KOHA)
Source of classification or shelving scheme
Koha item type Book
Holdings
Withdrawn status Lost status Source of classification or shelving scheme Damaged status Not for loan Permanent Location Current Location Date acquired Total Checkouts Full call number Barcode Date last seen Price effective from Koha item type
          Military College of Engineering (MCE) Military College of Engineering (MCE) 10/17/2014   624.15 INN MCE-43501 10/17/2014 10/17/2014 Book
© 2023 Central Library, National University of Sciences and Technology. All Rights Reserved.